| 000 | 00668nam a22002057a 4500 | ||
|---|---|---|---|
| 003 | NUST - PNEC | ||
| 005 | 20170116181204.0 | ||
| 008 | 160222b xxu||||| |||| 00| 0 eng d | ||
| 020 | _a9788184873191 | ||
| 040 | _cLIBRARY | ||
| 082 | _a621.4021 MUR | ||
| 100 |
_916584 _aMurugan, S. |
||
| 245 |
_aEngineering thermodynamics _cS. Murugan |
||
| 250 | _a- | ||
| 260 |
_aNew Delhi _bNarosa Publishing House _cc.2014 |
||
| 300 | _a394 pages | ||
| 650 |
_916583 _aThermodynamics _xME, IME |
||
| 856 | _uhttp://www.amazon.in/Engineering-Thermodynamics-Murugan-S/dp/8184873190/ref=sr_1_1?s=books&ie=UTF8&qid=1456121025&sr=1-1&keywords=9788184873191 | ||
| 942 |
_2ddc _cBK |
||
| 999 |
_c71569 _d71569 |
||